Biblioteca

The political challenge of China to western christianity and chinesse religion (Registro nro. 70222)

Detalles MARC
000 -LÍDER
Campo fijo de descripción fija 02004nab a2200229 i 4500
001 - NÚMERO DE CONTROL
Campo de control 768714001
003 - IDENTIFICADOR DEL NÚMERO DE CONTROL
Campo de control CO-MdFUSB
005 - FECHA Y HORA DE LA ULTIMA TRANSACCIÓN
control field 20240617093542.0
008 - ELEMENTOS DE LONGITUD FIJA -- INFORMACIÓN GENERAL
Campo fijo de descripción fija -- Información general 240617t1985 us ||||| |||| 00| 0 eng d
040 ## - FUENTE DE CATALOGACIÓN
Idioma de catalogación spa
Agencia que realiza la transcripción CO-MdFUSB
Agencia que realiza la modificación CO-MdFUSB
041 ## - CÓDIGO DE IDIOMA
Código de idioma para texto/pista de sonido o título separado eng
100 ## - ASIENTO PRINCIPAL--NOMBRE PERSONAL
Nombre personal Woo, Franklin J.,
Término relacionador autor
245 ## - TÍTULO
Título The political challenge of China to western christianity and chinesse religion
Mención de responsabilidad / Franklin J. Woo
520 ## - NOTA DE RESUMEN, ETC.
Nota de sumario, etc. El desafío político de China al cristianismo occidental y a la religión china <br/>En este breve artículo se describe, a grandes rasgos, los contornos de dos focos principales que han evolucionado a partir de nuestro trabajo en el Programa China I del Consejo Nacional de Iglesias de Estados Unidos. Lo que se sugiere es que la postura antiimperialista de la revolución comunista en China ha sido un desafío político tanto para el cristianismo occidental como para la religión china. En la medida en que los cristianos en China han estado afirmando consistente y persistentemente durante los últimos treinta y cinco años su identidad china y su independencia de la hegemonía extranjera, cuestionan la "universalidad" del cristianismo en sus expresiones occidentales. Al mismo tiempo, su insistencia en el carácter chino del cristianismo presenta un desafío a la tradición cultural china para proporcionar las bases religiosas y filosóficas para ser chinos de cada uno de los tres factores son inevitables, pero en lugar de intentar dar definiciones exhaustivas de cada uno, sólo se menciona aquellos factores que se vuelven sobresalientes en el curso de la interacción.
546 ## - NOTA DE IDIOMA
Nota de idioma Texto en inglés
650 #0 - ASIENTO SECUNDARIO DE MATERIA - TERMINO TEMÁTICO
Término temático o nombre geográfico como elemento de entrada Cristianismo y otras religiones
9 (RLIN) 1247
650 #7 - ASIENTO SECUNDARIO DE MATERIA - TERMINO TEMÁTICO
Término temático o nombre geográfico como elemento de entrada Iglesia
9 (RLIN) 655
650 #7 - ASIENTO SECUNDARIO DE MATERIA - TERMINO TEMÁTICO
Término temático o nombre geográfico como elemento de entrada Teología dogmática
9 (RLIN) 6937
773 0# - ASIENTO DE ITEM FUENTE
Biblionumber 70215
Itemnumber 82769
Lugar, editorial y fecha de publicación Pensilvania, Estados Unidos
Otro identificador del ítem R2644
Título Missiology
Número de control del registro (CO-MdFUSB)768714001
Parte(s) relacionada(s) / Volumen., número. (mes año), páginas Volumen 13, (número 3, 1985) páginas: 347 - 352
Enumeración y primera página página: 347
942 ## - TIPO DE MATERIAL (KOHA)
Tipo de Item KOHA Artículos de Revista
945 ## - INFORMACIÓN LOCAL DEL REGISTRO
Catalogador Catherine Arias Álvarez - Practicante SENA

No hay ítems disponibles.

Biblioteca FUSBC | Teléfono: (57+4) 349 88 10 Ext. 141| WhatsApp (+57) 3005338115 
E-mail: biblioteca@unisbc.edu.co | Calle 76 87-14 Robledo Palenque, Medellín, Colombia

Con tecnología Koha